| 000 | 00462nam a2200181Ia 4500 | ||
|---|---|---|---|
| 001 | 9538 | ||
| 003 | IN-NITTTR | ||
| 005 | 20251114233048.0 | ||
| 008 | 251113s9999||||xx |||||||||||||| ||eng|| | ||
| 040 | _beng | ||
| 040 | _cIN-NITTTR | ||
| 041 | _aeng | ||
| 082 | _a621.184 H367B | ||
| 100 | _aHiggins, Alex | ||
| 245 | 0 |
_aBoiler room questions and answers. / _cHiggins, Alex, Elonka, Stephen Michael |
|
| 700 | _a Elonka, Stephen Michael | ||
| 942 |
_2ddc _cBK |
||
| 999 |
_c12175 _d12175 |
||